Networks in the knowledge economy

Gespeichert in:
Bibliographische Detailangaben
Weitere Verfasser: Cross, Rob, Parker, Andrew, Sasson, Lisa
Format: Buch
Sprache:Englisch
Veröffentlicht: New York Oxford University Press 2003
Schlagworte:
Tags: Tag hinzufügen
Keine Tags, Fügen Sie das erste Tag hinzu!

MARC

LEADER 00000nam$a2200000$$$4500
001 0030577
005 20240104133115.3
020 |a 0-19-515950-0 
041 0 |a eng 
044 |a US 
245 1 0 |a Networks in the knowledge economy  |c edited by Rob Cross, Andrew Parker, Lisa Sasson 
264 1 |a New York  |b Oxford University Press  |c 2003 
300 |a 349 s. 
610 2 0 |a ekonomika vedomostná 
610 2 0 |a štruktúra sociálna 
610 2 0 |a kapitál ľudský 
610 2 0 |a kapitál sociálny 
700 1 |a Cross, Rob 
700 1 |a Parker, Andrew 
700 1 |a Sasson, Lisa